000 00827nam a22002177a 4500
999 _c15742
_d15742
003 OSt
005 20201116111001.0
008 181213b ||||| |||| 00| 0 eng d
022 _a0730-3084
040 _c0
082 _aDPer 613.705 J863 Sept 2015-Apr 2016 v. 86-87
100 _aLubisco, Robyn.
_933108
245 _a Limits on schools' ability to regulate off-campus student conduct/
_b
_cRobyn Lubisco and Genevieve F. E. Birren, Thomas H. Sawyer-Editor.
260 _aPhiladelphia:
_bShape America-Society of Health and Physical Educators,
_c©Sept 2015-Apr 2016.
300 _av86, n7, pages 46-47:
_billustrations;
_c28 cm.
500 _aJOPERD
650 _aSchool discipline.
_v
_933110
700 _aBirren, Genevieve F. E.
_eAuthor.
_942558
700 _aSawyer, Thomas H.
_eEditor.
_942560
942 _2ddc
_cPER